000
00337nam a2200157Ia 4500
100
_a
Bashforth/ Reginald G
490
_v
III
942
_c
BK
654
_a
Iron & steel
245
_a
The Manufacture of Iron & Steel
260
_b
B.I. Publications
_c
1960
082
_a
672
_b
BAS
300
_a
253
546
_a
ENGLISH
999
_c
26267
_d
26267